| 000 | 00604cam a22002172 4500 | ||
|---|---|---|---|
| 001 | 0000023805 | ||
| 005 | 20151217152249.0 | ||
| 008 | 130326s xx 000 0 eng d | ||
| 020 | _a0071222044 : | ||
| 040 |
_aKABU _cKABU |
||
| 050 | 0 |
_aQE38 _b.M66 2011 |
|
| 100 | 1 |
_aMontgomery, Carla W. _@0000154414 |
|
| 245 | 1 | 0 | _aEnvironmental geology. |
| 250 | _a9th ed. | ||
| 260 |
_aBoston : _bMcGraw-Hill, _c2011. |
||
| 300 | _a1 v. ( various paging) | ||
| 650 | 0 |
_aEnvironmental geology. _@0000154415 |
|
| 852 | 1 | _9p3604 KES | |
| 908 | _a130326 | ||
| 950 | _@1 | ||
| 999 |
_c9982 _d9982 |
||